000 00499nmm a2200157Ia 4500
008 251105s9999||||xx |||||||||||||||||und||
020 _a9789580610861
041 _aspa
100 _aMedina Olarte, Germán
245 0 _aCómo gritar para que voten por mí : Y tener visibilidad para gobernar
264 _a[Bogotá, Colombia] :
_bOveja Negra,
_c2007
300 _a156 páginas
650 _aPolitical Science (General)
856 _uhttps://public.digitaliapublishing.com/a/30166
942 _cCF
999 _c94796
_d94796